Un tiempo y todos los tiempos /
Wedi'i Gadw mewn:
| Prif Awdur: | |
|---|---|
| Fformat: | Anhysbys |
| Iaith: | Spanish |
| Cyhoeddwyd: |
Panamá:
INAC,
1975
|
| Cyfres: | Colección Múltiple
|
| Pynciau: | |
| Tagiau: |
Ychwanegu Tag
Dim Tagiau, Byddwch y cyntaf i dagio'r cofnod hwn!
|
MARC
| LEADER | 000000000a22000000004500 | ||
|---|---|---|---|
| 001 | 000596 | ||
| 008 | 140801s1975 p g |||| 000 1 spa d | ||
| 040 | |a CIICLA | ||
| 041 | 0 | |a español | |
| 082 | |a P863.4 |b J95u | ||
| 100 | 1 | |a Jurado, Ramón H. | |
| 245 | 1 | 0 | |a Un tiempo y todos los tiempos / |c Ramón H. Jurado |
| 260 | |a Panamá: |b INAC, |c 1975 | ||
| 300 | |a 111 páginas | ||
| 490 | 0 | |a Colección Múltiple | |
| 500 | |a Número de inscripción 00458 | ||
| 650 | 4 | |a LITERATURA PANAMEÑA |v CUENTOS | |
| 942 | |2 ddc |c BK | ||
| 999 | |c 1387 |d 1387 | ||
